000 00682nam a22002537a 4500
001 0168
003 DO-SdBNP
005 20160314112849.0
007 0168
008 151005b 200 2001 xxu 00| 0 spa d
020 _a0439389100
040 _aBPMSU
_bspa
_cBPMSU
092 _aXXXX
_bXXXX
100 1 _aGreenwood, Barbara
245 1 0 _aGold rush fever
_ba story of the Klondike 1898
_cBarbara Greenwood ; ilustración Heather Collins
260 _aNew York :
_bScholastic,
_c2001.
300 _a160 p :
_bil.
_c24 cm.
500 _aIncluye glosario
500 _aIncluye índice
700 1 2 _aCollins, Heather
_eil.
910 _a144
942 _2ddc
_cBK
956 _aYngrid Lockward
999 _c9216
_d9216